000 00501nam a22001817a 4500
005 20260422125253.0
008 260422b |||||||| |||| 00| 0 eng d
020 _a9789387465640
_c525.00
040 _aMAIN
041 _aEnglish
082 _a660.3078
_bPYE
100 _aPyenson, Louis L.
_926676
245 _aFundamentals of Entomology and Plant Pathology
260 _aNew Delhi
_bMedTech Science Press
_c2020
300 _a364
650 _aBiological Science (PM USHA)
_926674
942 _cBK
999 _c60672
_d60672